000
00276nam a22001337a 4500
008
180202b xxu||||| |||| 00| 0 eng d
020
_a
0762205156
041
_a
eng
080
_a
510
100
_a
510
101
_a
MAT
245
_a
Hot Words Hot Topics
942
_2
udc
_c
BK
999
_c
41678
_d
41678